000 00697nam a2200181 i 4500
001 96082
003 ES-MaACL
005 20230906181832.0
007 t|
008 050610s1955 sp ||||1| spa d
100 1 _aMadariaga, Salvador de,
_d1886-1978
_975292
245 1 0 _aDe Colón a Bolívar /
_cSalvador de Madariaga ; selección cronológica de trozos entresacados por el autor de sus libros: Cristobal Colón, Hernán Cortés, Cuadro histórico de las Indias y Bolívar.
260 _aBarcelona :
_bEdhasa,
_c1955.
300 _a487 p., 3 gráf. pleg. ;
_c22 cm.
651 4 _aAmérica española-
_xHistoria.
_97723
852 _aES-MaACL
_jC-10318
_bR.38498
999 _c96082
_d96082